000 00358nam a22001337a 4500
008 150903b xxu||||| |||| 00| 0 eng d
020 _a0440224624
050 _aPR6055.V213.L66
100 _aEvans, Nicholas.
245 _aThe Loop: a Novel. /
_cNicholas Evans.
260 _aNew York:
_bDell Publishing,
_c1998.
300 _a544p.:
_c18cm.
942 _2lcc
_cBK
999 _c5722
_d13222